000 00235nam a2200109Ia 4500
100 _aYADAV/R.
942 _cBK
245 _aSTEAM GAS & TURBINES
260 _bCENTRAL PUBLICATION
_aAllahabad
_c2009
300 _a1107
546 _aENGLISH
999 _c29987
_d29987